[Event "Groningen Harmonie"]
[Site "Groningen"]
[Date "2003.12.23"]
[Round "3"]
[White "L'Ami, Erwin"]
[Black "Gagunashvili, Merab"]
[Result "0-1"]
[WhiteElo "2470"]
[BlackElo "2582"]
[Annotator "Ribli,Z"]
[PlyCount "82"]
[EventDate "2003.12.21"]
[EventType "tourn"]
[EventRounds "9"]
[EventCountry "NED"]
[EventCategory "10"]
[SourceTitle "CBM 099"]
[Source "ChessBase"]
[SourceDate "2004.03.30"]
[SourceVersion "1"]
[SourceVersionDate "2004.03.30"]
[SourceQuality "1"]

1. d4 Nf6 2. c4 e6 3. Nf3 c5 4. Nc3 cxd4 5. Nxd4 a6 6. e3 {Nach diesem
genügsamen Zug hat Weiß keine Hoffnungen auf Eröffnungsvorteil. Statt der
Partiefortsetzung kann Weiß 6.g3 spielen oder mit 6.e4 - mit Zugumstellung -
in die Sizilianische Paulsen-Variante übergehen (die gewöhnliche Zugfolge ist
1.e4 c5 2.Nf3 e6 3.d4 cxd4 4.Nxd4 a6 5.c4 Nf6 6.Nc3).} b6 7. Be2 Bb7 8. O-O (8.
Bf3 Qc7 9. Bxb7 Qxb7 10. Qf3 Qxf3 11. Nxf3 Nc6 12. Bd2 Be7 13. O-O O-O 14. e4
d6 15. Be3 Rab8 16. Rac1 Rfc8 17. b3 b5 18. cxb5 axb5 19. Nd2 Ng4 20. Bf4 Nb4 {
0-1 Albdulla,A-Ghaem Maghami,E/Sharjah UAE 2003/(27)}) 8... Be7 9. b3 O-O 10.
Bb2 d6 {Mit diesem Zug bekommen wir eine typische Igelstellung, wo Schwarz
weniger Raum kontrolliert, aber dafür eine sehr feste Stellung erhält und
gewöhnlich das Zentrum später mit b6-b5 oder mit d6-d5 sprengen kann. Ich muss
auch bemerken, dass Schwarz hier über das wichtige Zentrumsfeld-e4 verfügt.} (
10... Nc6 11. Bf3 Qb8 12. Nxc6 Bxc6 13. Bxc6 dxc6 14. Qf3 Qc7 15. Ne2 Rad8 16.
Nd4 Rd6 17. Qe2 c5 18. Nf3 Qb7 19. Rfd1 Rfd8 {1/2-1/2 Karpov,A-Ivanchuk,V/
Monte Carlo 1994/CBM 40 ext (68)}) 11. Bf3 (11. Rc1 Nbd7 12. Qd2 Rc8 13. Rfd1
Rc7 14. Qe1 Qa8 15. Bf1 Rfc8 {1/2-1/2 Andersson,U-Ribli,Z/Tilburg 1980/MCD (24)
}) 11... Qc7 12. Qe2 Nbd7 $11 {Schwarz hat keine Eröffnungsprobleme und somit
eine bequeme Stellung erhalten.} 13. Rfd1 Rac8 14. h3 (14. Bxb7 Qxb7 15. e4 $11
) 14... Rfe8 {In dieser Variante entwickelt Schwarz die Türme gewöhnlich nach
e8 und c8, während im folgenden (besonders nach d6-d5) die c- und e-Linie
geöffnet werden.} 15. Rac1 Qb8 16. Rc2 (16. Bxb7 Qxb7 17. e4 Nc5 18. f3 $11)
16... Bf8 {[%cal Ge8e2]} 17. Rcd2 Nc5 {[%csl Ye4][%cal Gc5e4,Gf6e4]} 18. Bxb7 (
18. e4 $6 d5 19. e5 Nfe4 $15) 18... Qxb7 19. Qf3 Qxf3 (19... Nfe4 20. Rc2 $11)
20. Nxf3 Nfe4 {[%csl Ge4]} 21. Nxe4 (21. Rc2 $11) 21... Nxe4 22. Rd4 {Dieser
Zug scheint sehr riskant auf den ersten Blick, aber es ist nicht leicht für
Schwarz die sonderbare Turmstellung auszunutzen.} (22. Rc2 $5 b5 (22... d5 23.
Rdc1 $14) 23. Rdc1 b4 $11 {[%cal Ge4c5]}) 22... Nc5 23. Ne1 g6 {[%cal Gf8g7,
Gg7b2]} 24. Nd3 (24. R4d2 b5 $36) 24... Nb7 {Schwarz verteidigt den d6-Bauern
und bereitet 25...Bg7 vor.} 25. e4 (25. Ne1 Bg7 26. R4d2 Bxb2 27. Rxb2 b5 $36)
25... Bg7 {[%csl Rd4][%cal Rg7b2]} 26. e5 {Weiß opfert einen Bauern und im
Falle der Annahme bekäme er ausreichendes Gegenspiel als Kompensation.} Red8 $1
(26... dxe5 27. Rd7 Nc5 28. Nxc5 bxc5 (28... Rxc5 29. Rb7 $16 {[%cal Rd1d7,
Rb7h7]}) 29. Kf1 $44) (26... Bxe5 27. Nxe5 dxe5 28. Rd7 Nc5 29. R7d6 $14) 27.
f4 b5 (27... dxe5 28. Nxe5 $14) 28. Rc1 (28. cxb5 axb5 29. a4 bxa4 30. bxa4 $11
) 28... h5 (28... dxe5 29. Nxe5 Rxd4 30. Bxd4 $11) 29. Ba3 bxc4 (29... dxe5 30.
Rxd8+ Rxd8 31. Nxe5 bxc4 32. Rxc4 g5 $5 {Auf diese Weise - mit Zugumstellung -
erhielten wir die Partiestellung.}) 30. Rdxc4 Rxc4 31. Rxc4 dxe5 32. Nxe5 g5 $5
$13 {[%mdl 64] Der Material ist zwar stark reduziert, aber Schwarz spielt auf
taktische Motive: mit dem Textzug schwächt er die e5-Springerstellung.} 33. Rc7
Rd1+ (33... gxf4 34. Nd7 $1 Na5 35. Be7 Re8 (35... Rxd7 36. Rxd7 $18) 36. Bb4
$18) 34. Kf2 (34. Kh2 $5 gxf4 (34... Nd8) 35. Nf3 Nd6 36. Rd7 Bf8 37. Ne5 $13)
34... Nd8 (34... gxf4 35. Nxf7 Nd8 36. Ke2 Ra1 37. Nxd8 Rxa2+ 38. Kf3 Rxa3 39.
Nxe6 Rxb3+ 40. Kxf4 $14) 35. g3 h4 36. Ke2 (36. gxh4 gxf4 (36... gxh4 $2 37.
Be7 $16) 37. Nc4 $14) 36... Ra1 37. Be7 $2 (37. Kf3 Rxa2 38. Be7 Rb2 39. Rc8
Rxb3+ 40. Kg4 $36) 37... hxg3 38. Bxd8 gxf4 $17 {[%mdl 1024] Schwarz hat zwei 
(verbundene) Bauern für die Figur und a2 hängt auch. Er hat mehr als
ausreichendes Spiel für das Material.} 39. Nf3 Rxa2+ 40. Kd3 Rf2 41. Ke4 g2 $19
(41... g2 42. Rc1 (42. Ng1 f5+ 43. Kd3 e5 $19) 42... Rf1 (42... Bh6 $19) 43.
Rc8 f5+ (43... Rxf3 $4 44. Kxf3 g1=Q 45. Bb6+ $18) 44. Kxf4 e5+ 45. Kg3 g1=Q+
46. Nxg1 Rxg1+ 47. Kf2 Rb1 $19) 0-1

[Event "Helsinki op"]
[Site "Helsinki"]
[Date "1992.??.??"]
[Round "8"]
[White "Murey, Jacob"]
[Black "Brodsky, Michail"]
[Result "1/2-1/2"]
[WhiteElo "2500"]
[BlackElo "2540"]
[Annotator "Ribli,Z"]
[PlyCount "62"]
[EventDate "1992.09.??"]
[EventType "swiss"]
[EventRounds "9"]
[EventCountry "FIN"]
[SourceTitle "CBM 032"]
[Source "ChessBase"]
[SourceDate "1993.02.01"]
[SourceVersion "1"]
[SourceVersionDate "1993.02.01"]
[SourceQuality "1"]

1. c4 Nf6 2. Nc3 c5 3. Nf3 e6 4. d4 cxd4 5. Nxd4 Bb4 6. Ndb5 d5 7. cxd5 (7. Bg5
O-O 8. a3 Bxc3+ 9. Nxc3 h6 10. Bh4 g5 $2 (10... d4 11. Ne4 g5 $10) 11. Bg3 d4
12. Nb5 Nc6 13. e3 $14 {Johanssen,D-West,G Melbourne Masters 1991 EXP/22}) 7...
exd5 8. Bg5 O-O 9. e3 a6 10. a3 Be7 (10... axb5 11. axb4 Rxa1 12. Qxa1 Nc6 13.
Bxb5 d4 14. exd4 Re8+ $44 {Kogan-Gulko URS 1971}) 11. Nd4 Nc6 12. Be2 h6 13.
Bh4 Qb6 14. Qb3 (14. Bxf6 Bxf6 15. Nxd5 Qa5+ 16. Nc3 Nxd4 17. exd4 Rd8 $15) (
14. Nxc6 bxc6 15. Qc2 Rb8 $13) 14... Qxb3 15. Nxb3 Be6 16. O-O g5 17. Bg3 Ne4
$10 18. Rac1 Bf6 19. Nxe4 dxe4 20. Nc5 Bxb2 21. Rb1 Bxa3 22. Nxe6 fxe6 23. Rxb7
a5 24. Rd1 (24. Bc4 $5) 24... Rfd8 25. h4 gxh4 26. Bxh4 Rxd1+ 27. Bxd1 Rb8 28.
Rxb8+ Nxb8 29. Ba4 Na6 30. Bc6 Kf7 31. Bd8 Bb4 1/2-1/2

[Event "Sydney"]
[Site "Sydney"]
[Date "1990.??.??"]
[Round "2"]
[White "Azmaiparashvili, Zurab"]
[Black "Gedevanishvili, Dmitry"]
[Result "1-0"]
[WhiteElo "2610"]
[BlackElo "2420"]
[Annotator "Ribli,Z"]
[PlyCount "73"]
[EventDate "1990.??.??"]
[EventType "tourn"]
[EventRounds "9"]
[EventCountry "AUS"]
[EventCategory "6"]
[SourceTitle "CBM 020"]
[Source "ChessBase"]
[SourceDate "1991.02.01"]
[SourceVersion "1"]
[SourceVersionDate "1991.02.01"]
[SourceQuality "1"]

1. c4 Nf6 2. Nc3 c5 3. Nf3 e6 4. d4 cxd4 5. Nxd4 b6 $2 (5... Bb4 $5) 6. Ndb5 $1
a6 7. Nd6+ Bxd6 8. Qxd6 Nc6 9. g3 Bb7 10. Bg2 Na5 11. Bxb7 Nxb7 12. Qd4 Rc8 13.
O-O h6 14. b3 O-O 15. Rd1 Rc6 16. Ba3 Re8 17. Bb2 Rd6 18. Qf4 Qb8 19. Qf3 Rc8
20. Ne4 Nxe4 21. Qxe4 Rc5 22. Ba3 Rxd1+ 23. Rxd1 Rc7 24. Bb2 Qf8 25. Rd4 b5 26.
cxb5 axb5 27. Qd3 Qc8 28. Rg4 $1 g5 29. Qd4 Rc1+ 30. Kg2 Qc6+ 31. f3 Kf8 32.
Bxc1 Qxc1 33. Qh8+ Ke7 34. Qxh6 Qc2 35. Qxg5+ Kd6 36. Rd4+ Kc6 37. Qd2 1-0

[Event "FRA-ch"]
[Site "Val d'Isere"]
[Date "2004.08.17"]
[Round "2"]
[White "Le Roux, Jean Pierre"]
[Black "Maze, Sebastien"]
[Result "1-0"]
[WhiteElo "2489"]
[BlackElo "2497"]
[Annotator "Ribli,Z"]
[PlyCount "113"]
[EventDate "2004.08.16"]
[EventType "tourn"]
[EventRounds "11"]
[EventCountry "FRA"]
[EventCategory "13"]
[SourceTitle "CBM 103"]
[Source "ChessBase"]
[SourceDate "2004.11.11"]
[SourceVersion "1"]
[SourceVersionDate "2004.11.11"]
[SourceQuality "1"]

1. d4 Nf6 2. c4 e6 3. Nf3 c5 4. g3 {Weiss wählt die Englische Eröffnung.} (4.
d5 {wäre die prinzipielle Fortsetzung, welche zur Benoni-Verteidigung führen
würde.}) 4... cxd4 5. Nxd4 Qa5+ {Diese seltene Fortsetzung ist nicht besonders
gut. Die Hauptidee des Damenzugs ist, dass Schwarz die weisse Entwicklung
stören möchte. Die Alternativen sind 5...d5, 5...Bb4+, 5...Nc6, 5...Qb6 und 5..
.Qc7.} 6. Nc3 {Eine natürliche Fortsetzung, aber 6.Nd2 ist populärer.} (6. Nd2
Nc6 (6... Qb6 $5 7. N4f3 Bc5 8. e3 d5 9. Bg2 Nc6 10. O-O O-O 11. cxd5 exd5 12.
Nb3 Be7 13. Bd2 Bg4 14. Bc3 Rad8 15. h3 Bh5 $13 {Adams,M-Ward,Ch/ London 1992/
1/2-1/2 (41)}) 7. Nxc6 (7. N4b3) 7... dxc6 (7... bxc6) 8. Bg2 Be7 9. O-O O-O
10. Qc2 e5 11. Ne4 Nxe4 12. Bxe4 f5 13. Bg2 Be6 14. Bd2 Bb4 15. Bxb4 Qxb4 16.
b3 a5 {Raetsky,A-Hamdouchi,H/ Abu Dhabi 2004/ 1/2-1/2 (64)}) 6... Ne4 7. Bd2
Nxd2 8. Qxd2 Nc6 $6 ({Die Alternative} 8... a6 {scheint mir besser zu sein, da
Schwarz so die Varianten mit 9.Ndb5 vermeiden kann.} 9. Bg2 Be7 10. O-O O-O 11.
Rfd1 $14 {Weiss hat einen kleinen Positionsvorteil, da er mehr Raum
kontrolliert und über Entwicklungsvorteil verfügt.}) 9. Ndb5 $1 {[%mdl 4]} (9.
Bg2 $14) 9... a6 10. Nd6+ Bxd6 11. Qxd6 {[%csl Gd6]} Qe5 {Schwarz muss die
Dame auf d6 tauschen.} 12. O-O-O (12. Qxe5 Nxe5 13. c5 b6 $11) 12... Qxd6 13.
Rxd6 $14 {[%csl Yb6,Rc8,Yd6][%cal Gf1g2,Gg2a8] Der weisse Positionsvorteil 
(vor allem am Damenflügel) ist offensichtlich, da der Nachziehende an seinen
schwarzfeldrigen Schwächen zu kämpfen hat (In seinem Buch "Die Kunst der
Bauernführung" nannte Kmoch dies "Melanpenie" - Schwäche auf den schwarzen
Feldern).} Na5 (13... Ke7 14. c5 b6 15. Bg2 bxc5 16. Rhd1 (16. Bxc6 dxc6 17.
Rhd1 $16) 16... Ra7 17. Bxc6 dxc6 18. Rxc6 $16) 14. e3 Ke7 15. Rb6 (15. c5 $5
b5 16. b4 $14) 15... Kd8 (15... d6 16. Be2 Rd8 17. Rd1 $14) 16. c5 Kc7 (16...
Nc6 17. Ne4 $16 {[%csl Yd6][%cal Ge4d6]}) 17. Rb4 (17. b4 Nc6 18. b5 $36) 17...
Nc6 18. Rg4 g6 19. Bg2 f5 (19... b6 20. cxb6+ Kxb6 21. Na4+ Kc7 22. Bxc6 Kxc6 (
22... dxc6 23. Nc5 $14 {[%csl Gc5]}) 23. Rc4+ $16) 20. Rc4 Rd8 21. e4 $1 fxe4 (
21... b5 22. cxb6+ Kxb6 23. exf5 gxf5 24. Bxc6 dxc6 25. Re1 $14) 22. Bxe4 Ne5
23. Rd4 d5 {Damit möchte Schwarz seine Stellung befreien.} 24. cxd6+ Rxd6 25.
Rxd6 Kxd6 26. h4 $1 {[%csl Rc8,Ge4,Rg6,Rh7][%cal Rh4h5] Die weisse
Bauernstruktur ist gesund, während der Pe6 ein dauerhaftes Sorgenkind für
Schwarz darstellt. Mit dem starken Textzug droht Weiss nun 27.h5.} Ra7 27. h5
b5 28. f4 Ng4 29. hxg6 hxg6 30. Bxg6 $16 {Mit einem Mehrbauern bei reduziertem
Material hat Weiss gute Gewinnchancen.} Rg7 31. Bc2 Bb7 (31... e5 $142 $5 $16 {
nach dem Leitsatz "Die stärkere Seite tauscht Figuren, die schwächere Seite
tauscht Bauern" wäre logisch für Schwarz.}) 32. Rd1+ Ke7 33. Re1 Kf6 34. Ne4+
Bxe4 (34... Ke7 35. Nc5 Bd5 36. Nxe6 $18) 35. Rxe4 {[%mdl 4096]} Rc7 (35... Nf2
36. Re2 Nh1 37. Bb3 Nxg3 (37... Re7 38. g4 $16) 38. Rxe6+ Kf5 39. Rxa6 $16) 36.
Kd2 a5 (36... e5) 37. Bb3 Rc6 38. Re1 a4 39. Bd1 Rd6+ 40. Kc2 Nf2 (40... Rc6+
41. Kb1 $16) 41. Be2 {Weiss verteidigt sich gegen 41...Nd3. Im weiteren
Partieverlauf kann der Läufer erfolgreich den Wirkungskreis des Springers
einschränken.} Rc6+ 42. Kb1 Rb6 43. Bf1 b4 (43... Ng4 $142) 44. Re2 {[%csl Rf2]
} Nd1 (44... Ng4 45. Bh3 Nh6 46. g4 $16) 45. Kc1 $1 Rd6 46. Rd2 {Weiss
verliert zwar zeitweilig einen Bauern, gewinnt dafür aber die Partie.} Rxd2 47.
Kxd2 Nxb2 48. Kc2 a3 49. Kb3 $18 {[%csl Ra3,Rb2,Rb4,Gf1][%cal Gf1a6] Der Bf1
kontrolliert alle wichtige Punkte und der Nb2 steht sehr unglücklich. Weiss
gewinnt nun beide schwarzen Bauern am Damenflügel.} Nd1 (49... Kf5 50. Kxb4 Kg4
51. Kxa3 Nd1 52. Be2+ $18) 50. Kxb4 Ne3 51. Bd3 {[%csl Gd3][%cal Gd3h7] Der
Bd3 arbeitet gut - 51...Kf5 ist verhindert.} e5 (51... Nf5 $2 {verliert wegen}
52. Bxf5 $18) 52. Kxa3 exf4 53. gxf4 Nd5 54. f5 {Mit zwei Mehrbauern gewinnt
Weiss leicht.} Ke5 55. Kb3 Nf4 56. Bc2 Ne2 57. a4 (57. a4 Nd4+ 58. Kc3 Nxc2 59.
Kxc2 Kxf5 60. a5 $18) 1-0

[Event "Saintly Cup"]
[Site "Sydney"]
[Date "1999.01.24"]
[Round "3"]
[White "Roeder, Mathias"]
[Black "Johansen, Darryl Keith"]
[Result "0-1"]
[WhiteElo "2447"]
[BlackElo "2490"]
[Annotator "Ribli,Z"]
[PlyCount "46"]
[EventDate "1999.01.22"]
[EventType "tourn"]
[EventRounds "9"]
[EventCountry "AUS"]
[EventCategory "10"]
[SourceTitle "CBM 070"]
[Source "ChessBase"]
[SourceDate "1999.06.08"]
[SourceVersion "1"]
[SourceVersionDate "1999.06.08"]
[SourceQuality "1"]

{[%mdl 576]} 1. Nf3 c5 2. c4 Nf6 3. Nc3 Nc6 4. d4 cxd4 5. Nxd4 e6 6. Ndb5 Bb4 (
6... d5 7. Bf4 e5 8. cxd5 exf4 9. dxc6 bxc6 10. Qxd8+ Kxd8 {Das ist die andere
Möglichkeit für Schwarz. Er hat eine schlechte Bauernstellung, aber Läuferpaar
und aktives Spiel bieten ihm gleiche Chancen.}) 7. a3 {Meines Erachtens ist
die Alternative 7.Bf4 0-0 8.Bd6 für Schwarz gefährlicher. Mit der
Partiefortsetzung bekommt Weiß das Läuferpaar, verliert aber zuviel Zeit,
während Schwarz die Entwicklung beenden kann.} Bxc3+ 8. Nxc3 d5 9. cxd5 exd5
10. e3 {Schwarz hat wegen seiner schnellen Entwicklung keine Sorgen. Das weiße
läuferpaar ist hier nicht von allzu großer Bedeutung und den isolierten
Damenbauern könnte Schwarz bei Bedarf mit ...d5-d4 auflösen.  Zeit ist Geld -
auch im Schachspiel!} (10. Bg5 d4 (10... O-O 11. e3 Re8 12. Bxf6 Qxf6 13. Qxd5
Bg4 14. Bb5 Rad8 15. Qc4 Ne5 16. Qf4 Nd3+ {0-1 Eng,H-Reeh,O/FRG-ch qual Brilon
1986/EXT 86ch (16)}) 11. Ne4 Bf5 12. Ng3 h6 13. Bxf6 Qxf6 14. Nxf5 Qxf5 15. g3
Qe4 16. Rg1 O-O {1/2-1/2 Vul,A-Zagorskis,D/Open, Cappelle la Grande FRA 1998 
(46)}) 10... O-O 11. Be2 (11. Bb5 Be6 12. O-O Qc7 13. Be2 a6 14. Bd2 d4 {
0-1 Banas,J-Petrik,K/Stary Smokovec 1973/MCD-r7 (40)}) 11... a6 (11... Bf5 12.
Nb5 Qb6 (12... Re8 13. O-O Rc8 14. b4 d4 15. Nxd4 Nxd4 16. exd4 Bc2 17. Qd2 Ne4
18. Qf4 Nc3 19. Bh5 Bg6 20. Bf3 Bd3 21. Bh5 Qd5 $44 {0-1 Blagidze,A-Geller,E/
Kiev 1957/MCD-ch (28)}) 13. O-O (13. b4 a6 14. Nc3 d4 15. Na4 Qa7 16. O-O Rad8
17. Qb3 Rfe8 {1/2-1/2 Smyslov,V-Hort,V/Monte Carlo 1968/Inf 06 (36)}) 13... a6
14. Nd4 Nxd4 15. Qxd4 Qxd4 16. exd4 Rac8 17. Rd1 (17. Bd1 Bc2 18. Be3 Bxd1 19.
Rfxd1 Rc2 20. Rd2 Rfc8 21. Rxc2 Rxc2 22. Rc1 Rxc1+ 23. Bxc1 Nd7 {0-1 Saidy,
A-Fischer,R/New York 1963/MCD-ch (56) Der Leser kann dieses Endspiel in jedem
Endspielbuch finden.}) 17... Rfe8 18. Kf1 Bc2 19. Re1 Bb3 20. Be3 b5 21. Rec1
Bc4 22. Ke1 {1/2-1/2 Khasin,A-Stein,L/URS-ch28 Moscow 1961/URS-ch (73)}) 12.
Bf3 $2 {Dieser Zug ist zu optimistisch. Es wäre viel besser, mit 0-0 die
Entwicklung fortzusetzen.} (12. O-O Be6 (12... d4 $11) (12... Re8) 13. b4 d4
14. Na4 (14. exd4 Nxd4 15. Be3 Nxe2+ 16. Qxe2 $11) 14... dxe3 15. Bxe3 Nd5 16.
Bc5 Re8 17. Bf3 Ne5 18. Re1 (18. Bxd5 Qxd5 19. Nb6 Qxd1 20. Raxd1 Rad8 $11)
18... Nxf3+ 19. Qxf3 b5 20. Nc3 Nxc3 21. Qxc3 $11) 12... Ne5 $5 {Schwarz
spielt nicht auf Ausgleich, sondern opfert seinen isolierten Bauern, um
direkten Angriff anzustreben.} (12... d4 $11) 13. Bxd5 Bg4 $1 (13... Nxd5 14.
Qxd5 (14. Nxd5 Bf5 $44) 14... Nd3+ 15. Ke2 $14) 14. f3 (14. Qd4 Nxd5 15. Nxd5 (
15. Qxe5 Nxc3 $19) 15... Re8 $44 16. O-O Nf3+ (16... Be2 17. Re1 Qg5 $5 {
[%cal Re5f3,Rf3d4,Rf3g1]}) 17. gxf3 Bxf3 18. Nf6+ Qxf6 19. Qxf6 gxf6 $40 {
[%csl Gf3,Rg1]}) 14... Nxd5 15. Qxd5 (15. Nxd5 Qh4+ (15... Be6 16. e4 Bxd5 17.
Qxd5 Qxd5 18. exd5 Rad8 19. Ke2 Rxd5 $15) 16. Kf1 Bd7 $44) 15... Qh4+ 16. Ke2 (
16. Kf1 Be6 17. Qxe5 Bc4+ 18. Ne2 (18. Kg1 Qe1#) 18... Rad8 {[%csl Ra1,Rc1,Rf1,
Rh1][%cal Rd8d1,Rd1f1]} 19. g4 Rd1+ 20. Kg2 Rxh1 21. Kxh1 Bxe2 $19) 16... Be6
$1 17. Qxe5 Bc4+ 18. Kd1 Qf2 $1 $17 {[%csl Gc4,Rd1,Gf2][%cal Rc4b3,Rb3d1,Rf8d8,
Rd8d1] Schwarz hat starken Angriff und sein materieller Nachteil ist nicht von
Bedeutung.} (18... Bb3+ 19. Ke2 Bc4+ {Schwarz hat mindestens Dauerschach, aber
er kann mehr erreichen.}) 19. Bd2 Rfd8 {[%csl Rd2]} 20. Ne4 {[%cal Ge4d2,Re4f2]
} Bb3+ 21. Kc1 Qxg2 $19 {[%csl Ra1,Rc1,Gg2,Rh1] Alles kommt mit Tempo. Der
weiße König steht allein im Sturm.} 22. Re1 Rac8+ 23. Kb1 Rxd2 {Und Weiß gab
auf, denn es droht z.B. 24...Rd1+ 25.Rxd1 Qc2# und 24.Nxd2 hilft nicht.} (23...
Rxd2 24. Nxd2 Qxd2 {[%csl Rb1][%cal Rd2e1,Rd2c2]}) 0-1